| 000 | 01056cad a22002415a 4500 | ||
|---|---|---|---|
| 001 | E150319 | ||
| 008 | 100628e20100621xxkb f s000 0 eng d | ||
| 035 | _a(Sirsi) u150319 | ||
| 041 | 0 | _aeng | |
| 050 | 0 | 4 | _a630.0269411 $2 18 |
| 100 | 1 | _aEdwards, Tom | |
| 245 | 0 | 0 |
_aCrofting Reform (Scotland) Bill _bstage 3 _h[electronic resource] |
| 260 |
_aEdinburgh _bScottish Parliament _c2010 |
||
| 490 | 0 |
_aSPICe Briefing _v(10/40) 21 June 2010 |
|
| 520 | _aThe Stage 3 debate on the Crofting Reform (Scotland) Bill will take place on the 1 July 2010. This report summarises the main amendments to the Bill which were proposed and agreed during Stage 2. For the Bill itself, see E148980. | ||
| 521 | _aAdvanced | ||
| 590 | _aKA | ||
| 650 | 2 | 4 | _aCROFTING REFORM (SCOTLAND) BILL |
| 651 | 4 |
_aScotland _y1999- |
|
| 690 | _aENVIRONMENTAL AND LAND CONSULTANCY-AGRIBUSINESS-AGRICULTURE | ||
| 856 | 4 | 0 |
_uhttps://www.scottish.parliament.uk/business/research/briefings-10/SB10-40.pdf _zView the briefing free of charge at www.scottish.parliament.uk... |
| 942 | _n0 | ||
| 999 |
_c110825 _d110825 |
||